00344pab a2200145 454500008004000000100001500040245005000055260000900105300001200114362000800126650001800134700001100152700001900163773001600182180718b1998 xxu||||| |||| 00| 0 eng d aShobha, V. aSocio-economic status of women in sericulture c1998 ap.46-48 aJun aWomen workers aJyothi aVimla Devi, V. aKurukshetra